Great by choice : uncertainty, chaos, and luck - why some thrive despite them all
Αποθηκεύτηκε σε:
| Κύριος συγγραφέας: | |
|---|---|
| Άλλοι συγγραφείς: | |
| Μορφή: | Βιβλίο |
| Γλώσσα: | English |
| Δημοσίευση: |
London :
Random House,
c2011
|
| Σειρά: | Business Books
|
| Θέματα: | |
| Ετικέτες: |
Προσθήκη ετικέτας
Δεν υπάρχουν, Καταχωρήστε ετικέτα πρώτοι!
|
MARC
| LEADER | 00000nam a2200000 i 4500 | ||
|---|---|---|---|
| 001 | 1/28505 | ||
| 008 | 130417s2011 eng d | ||
| 020 | |a 978-1-847-94088-9 (hbk.) | ||
| 035 | |l 10114208 | ||
| 040 | |a GR-MY-UA |b gre |e aacr | ||
| 041 | 0 | |a eng | |
| 082 | 0 | |a 658.409 |2 (22) | |
| 100 | 1 | |a Collins, Jim. | |
| 245 | 1 | 0 | |a Great by choice : |b uncertainty, chaos, and luck - why some thrive despite them all / |c Jim Collins, Morten T. Hansen |
| 260 | |a London : |b Random House, |c c2011 | ||
| 300 | |a xii, 304 σ.; |b πίν.; |c 24 εκ. | ||
| 490 | 1 | |a Business Books | |
| 504 | |a Περιέχει βιβλιογραφικλες παραπομπές και ευρετήριο | ||
| 650 | 0 | 0 | |a Success in business |x Case studies. |
| 650 | 0 | 0 | |a Creative ability in business |x Case studies. |
| 650 | 0 | 0 | |a Technological innovations |x Management |x Case studies. |
| 700 | 1 | |a Hansen, Morten T. | |
| 830 | 0 | |a Business Books | |
| 852 | |a INST |b CHIOS |e 20130417 |h 658.409 COL |p 005200035408 |q 005200035408 |t BK |y 0 | ||
| 901 | |a BIBL2-2013-1 | ||
| 909 | |a Χ |b 177754 | ||
| 922 | |a 2ΕΛΗ |b 201210 |c ΤΑΚ/ΤΔΕ |d ΙΩΑΝΝΙΔΟΥ | ||
| 970 | |a ΣΠΕΝΤΖΑ |b ΕΛΕΝΗ |z 2013/04/17 | ||